000 00925nam a22002895i 4500
003 EG-ScBUE
005 20260201140344.0
008 200219s2026 ua g 000 f ara d
017 _a35574 / 2025
020 _a9789779926551
040 _aEG-ScBUE
_bara
_erda
_cEG-ScBUE
_dEG-ScBUE
082 0 4 _a892.736
_bع ب د
_222
100 1 _aعبد المجيد، عمرو،
_eمؤلف.
245 1 0 _aمينتو :
_bرواية /
_cعمرو عبد المجيد.
250 _aالطبعة العشرون.
264 1 _aالقاهرة :
_bعصير الكتب،
_c2026.
300 _a351 صفحة ؛
_c22 سم
336 _aنص
_btxt
_2rdacontent
337 _aبدون وسيط
_bn
_2rdamedia
338 _aمجلد
_bnc
_2rdacarrier
541 _aBook Fair, 2026
650 7 _aالقصص العربية
_yقرن 21.
_2BUEsh
651 _2BUEsh
653 _bARALIT
_bGGEN
_cJanuary2026
655 _vReading book
942 _2ddc
999 _c31053
_d31024